[Event "Eastern Asia-ch U14 Girls"]
[Site "Tornelo INT"]
[Date "2021.10.23"]
[Round "5"]
[White "Aastha, Turankar"]
[Black "Shiny, Ghosh"]
[Result "1-0"]
[WhiteElo "1137"]
[BlackElo "1011"]
[PlyCount "71"]
[EventDate "2021.10.22"]
[EventType "swiss"]
[EventRounds "9"]
[EventCountry "NET"]
[SourceTitle "EXT 2023"]
[Source "ChessBase"]
[SourceDate "2022.10.05"]
[SourceVersion "1"]
[SourceVersionDate "2022.10.05"]
[SourceQuality "1"]

1. e4 c5 2. Nf3 d6 3. d4 cxd4 4. Nxd4 Nf6 5. Nc3 g6 6. Be3 Bg7 7. f3 0-0 8. Qd2 Nc6 9. 0-0-0 Bd7 10. g4 Qa5 11. Kb1 Ne5 12. h4 Rfc8 13. Nb3 Qd8 14. h5 Nxf3 15. Qg2 Bxg4 16. Be2 Ne5 17. hxg6 fxg6 18. Bh6 Bxe2 19. Qxe2 Qf8 20. Bxg7 Qxg7 21. Nd5 Nxd5 22. exd5 Nc4 23. Rd4 Ne5 24. Rdh4 h5 25. Nd4 Rc4 26. b3 Rc5 27. Ne6 Qf6 28. Nxc5 dxc5 29. Re4 Ng4 30. Rxe7 b6 31. Rf1 Qg5 32. Qe6+ Kh8 33. Re8+ Rxe8 34. Qxe8+ Kg7 35. Rf7+ Kh6 36. Qh8# 1-0

[Event "Eastern Asia-ch U14 Girls"]
[Site "Tornelo INT"]
[Date "2021.10.23"]
[Round "4"]
[White "Shiny, Ghosh"]
[Black "Zohori, Arshida"]
[Result "1-0"]
[WhiteElo "1011"]
[BlackElo "1157"]
[PlyCount "107"]
[EventDate "2021.10.22"]
[EventType "swiss"]
[EventRounds "9"]
[EventCountry "NET"]
[SourceTitle "EXT 2023"]
[Source "ChessBase"]
[SourceDate "2022.10.05"]
[SourceVersion "1"]
[SourceVersionDate "2022.10.05"]
[SourceQuality "1"]

1. d4 d5 2. c4 e6 3. Nc3 Nf6 4. Bg5 Be7 5. e3 h6 6. Bh4 0-0 7. Nf3 Nc6 8. Bd3 b6 9. 0-0 Ba6 10. cxd5 Bxd3 11. Qxd3 exd5 12. a3 Re8 13. Rac1 a6 14. Qc2 Ne4 15. Bxe7 Qxe7 16. Nxd5 Qd7 17. Qxc6 Qxc6 18. Rxc6 Rac8 19. Rxc7 Nd6 20. Rxc8 Nxc8 21. h3 b5 22. Rc1 Rd8 23. Nb4 a5 24. Nc6 Re8 25. Nxa5 Nd6 26. Rc6 Rd8 27. Rb6 Rd7 28. Ne5 Rd8 29. Nb7 Rb8 30. Rxd6 Rxb7 31. Rd7 Rb8 32. Rxf7 b4 33. axb4 Rxb4 34. Rc7 Rxb2 35. g3 Rb1+ 36. Kg2 Rb2 37. Rc3 Rb7 38. d5 Re7 39. Nf3 Rd7 40. e4 Rd6 41. Rc6 Rd8 42. d6 Kf7 43. e5 Ke8 44. Nh4 g5 45. Nf5 Kf7 46. Nxh6+ Ke8 47. Rc7 Rd7 48. Rxd7 Kxd7 49. f4 gxf4 50. gxf4 Ke6 51. Kg3 Kd7 52. f5 Ke8 53. f6 Kd7 54. f7 1-0